MARC

LEADER 00000nam0a2200000 4500
001 26072
005 20231030201439.0
010 |a 5090040265 
035 |a (RuTPU)RU\TPU\book\26312 
035 |a BOOK00000023 
090 |a 26072 
100 |a 20011209d1992 m y0rusy50 ca 
101 0 |a rus 
102 |a RU 
105 |a a j 000zy 
200 1 |a Курс общей физики. Оптика и атомная физика  |e учебное пособие  |f Е. М. Гершензон, Н. Н. Малов, А. Н. Мансуров 
210 |a Москва  |c Просвещение  |d 1992 
215 |a 320 с.  |c ил. 
225 1 |a Учебное пособие для педагогических институтов 
610 1 |a физика 
610 1 |a оптика 
610 1 |a атомная физика 
610 1 |a свет 
610 1 |a лучевая оптика 
610 1 |a атомы 
610 1 |a строение 
610 1 |a учебные пособия 
675 |a 535  |v 3 
675 |a 539.18(075.8)  |v 3 
700 1 |a Гершензон  |b Е. М.  |g Евгений Михайлович 
701 1 |a Малов  |b Н. Н.  |g Николай Николаевич 
701 1 |a Мансуров  |b А. Н.  |g Андрей Николаевич 
801 0 |a RU  |b 63413507  |c 20011209  |g PSBO 
801 2 |a RU  |b 63413507  |c 20090917  |g PSBO 
942 |c BK